000 00748nam a2200265 a 4500
001 BRCA_5441
005 20190320205059.0
008 141210s1940----gw-a######---#000-0#ger-#
041 _ager
044 _agw
050 4 _aND588
_b.B87 1940
100 1 _aBurkhard, Arthur
_913895
245 1 0 _aHans Burgkmair D.Ä
_cvon Arthur Burkhard.
260 _aLeipzig, Alemania
_bInsel
_c[1940]
300 _a203 p.
_bil., 116 láminas
_c26 cm.
440 0 _aDeutsche Meister
_913429
500 _aIncluye índice de ilustraciones
500 _aE156
504 _aBibliografía: p. 192-196
600 1 4 _aBurgkmair, Hans
_d1472-1531
_913896
650 1 4 _aPintores alemanes
_9797
650 1 4 _aPintura alemana
_99335
902 _aGFM
942 _2lcc
_cB
999 _c5135
_d5135